[Event "World Rapid Women 2022"]
[Site "Almaty KAZ"]
[Date "2022.12.26"]
[Round "1.1"]
[White "Kovanova, Baira"]
[Black "Kosteniuk, Alexandra"]
[Result "1/2-1/2"]
[WhiteTitle "WGM"]
[BlackTitle "GM"]
[WhiteElo "2317"]
[BlackElo "2520"]
[WhiteFideId "4164083"]
[BlackFideId "4128125"]
[EventDate "2022.12.26"]

1. e4 c5 2. Nf3 e6 3. d4 cxd4 4. Nxd4 Nc6 5. Nc3 Nf6 6. Ndb5 Bc5 7. Nd6+ Ke7 8.
Bf4 e5 9. Nf5+ Kf8 10. Bg5 d6 11. Bc4 Be6 12. Bb3 h6 13. Be3 Bb4 14. Qd3 Bxf5
15. exf5 d5 16. Bd2 e4 17. Qb5 Qe7 18. O-O-O a6 19. Qf1 d4 20. Nd5 Nxd5 21. Bxd5
Bxd2+ 22. Rxd2 e3 23. Re2 Nb4 24. Bb3 Qc5 25. Kb1 a5 26. a3 Nc6 27. fxe3 dxe3
28. f6 Rh7 29. Qf4 Re8 30. Rd1 gxf6 31. Qxf6 Qe5 32. Qxe5 Rxe5 33. Rd3 Rg7 34.
g3 Rg4 35. Rexe3 Rxe3 36. Rxe3 Rd4 37. Rf3 a4 38. c3 Ne5 39. cxd4 Nxf3 40. Bxa4
Nxh2 41. Bd1 Nf1 42. g4 Ke7 43. b4 Kd6 44. Kb2 Ne3 45. Bf3 b5 46. Kb3 f5 47.
gxf5 Nxf5 48. Kc3 Ng3 49. a4 bxa4 50. b5 h5 51. Kb4 h4 52. Kxa4 Nf5 53. Ka5 Nxd4
54. Bg2 Nxb5 1/2-1/2

[Event "World Rapid Women 2022"]
[Site "Almaty KAZ"]
[Date "2022.12.26"]
[Round "1.2"]
[White "Lagno, Kateryna"]
[Black "Badelka, Olga"]
[Result "0-1"]
[WhiteTitle "GM"]
[BlackTitle "IM"]
[WhiteElo "2563"]
[BlackElo "2416"]
[WhiteFideId "14109336"]
[BlackFideId "13509926"]
[EventDate "2022.12.26"]

1. e4 e5 2. Nf3 Nc6 3. Bb5 Nf6 4. d3 d6 5. O-O Be7 6. c4 O-O 7. h3 Be6 8. Nc3
Nd7 9. Nd5 f5 10. exf5 Rxf5 11. Be3 Nb6 12. Nxe7+ Qxe7 13. Bxc6 bxc6 14. b3 Raf8
15. Nd2 d5 16. f3 Qh4 17. Qe2 Rh5 18. Bf2 Qf4 19. Be3 Qg3 20. Bf2 Qg6 21. Bc5
Re8 22. Kh2 Nd7 23. Bxa7 Nf6 24. cxd5 cxd5 25. Rac1 Bf5 26. Rfe1 Bxd3 27. Qf2 e4
28. Rxc7 Rf8 29. Kh1 exf3 30. Nxf3 Ne4 31. Qe3 Ng3+ 32. Kh2 Nf1+ 33. Rxf1 Bxf1 0-1

[Event "World Rapid Women 2022"]
[Site "Almaty KAZ"]
[Date "2022.12.26"]
[Round "1.3"]
[White "Eric, Jovana"]
[Black "Tan, Zhongyi"]
[Result "0-1"]
[WhiteTitle "WGM"]
[BlackTitle "GM"]
[WhiteElo "2236"]
[BlackElo "2518"]
[WhiteFideId "938238"]
[BlackFideId "8603642"]
[EventDate "2022.12.26"]

1. e4 d6 2. d4 Nf6 3. Nc3 g6 4. Be3 a6 5. Nf3 Bg7 6. h3 O-O 7. Bd3 b5 8. O-O Bb7
9. a3 Nbd7 10. Qd2 e6 11. Bh6 c5 12. Bxg7 Kxg7 13. Rfe1 cxd4 14. Nxd4 Qc7 15.
Kh1 Rad8 16. f4 e5 17. Nf3 Rfe8 18. f5 Nc5 19. fxg6 hxg6 20. Ng5 Nh5 21. Qf2 Qe7
22. Nf3 Rh8 23. Bf1 Nf4 24. Rad1 Qf6 25. Qg3 Rh5 26. Nd5 Bxd5 27. exd5 Rdh8 28.
b4 Na4 29. Nh2 Qf5 30. c4 bxc4 31. Bxc4 Rxh3 32. Rf1 R3h5 33. Bxa6 Rxh2+ 34.
Qxh2 Rxh2+ 35. Kxh2 Nc3 36. Rde1 Qh5+ 37. Kg1 Qg4 38. Rf2 Nfe2+ 39. Kf1 Nf4 0-1

[Event "World Rapid Women 2022"]
[Site "Almaty KAZ"]
[Date "2022.12.26"]
[Round "1.4"]
[White "Goryachkina, Aleksandra"]
[Black "Gvetadze, Sofio"]
[Result "1-0"]
[WhiteTitle "GM"]
[BlackTitle "IM"]
[WhiteElo "2584"]
[BlackElo "2298"]
[WhiteFideId "4147103"]
[BlackFideId "13601440"]
[EventDate "2022.12.26"]

1. Nf3 Nf6 2. c4 g6 3. Nc3 Bg7 4. d4 c5 5. d5 d6 6. e4 O-O 7. Be2 Bg4 8. O-O
Nbd7 9. Be3 Bxf3 10. Bxf3 a6 11. Be2 Rb8 12. Qc2 Ne8 13. Rab1 Nc7 14. b4 cxb4
15. Rxb4 Nc5 16. Na4 a5 17. Rbb1 N7a6 18. Nxc5 Nxc5 19. Rb5 Qc7 20. Rfb1 b6 21.
g3 f5 22. exf5 gxf5 23. Bd3 Nxd3 24. Qxd3 Rbc8 25. Rc1 Qd7 26. Rxb6 f4 27. Bxf4
Qh3 28. Qe4 Kh8 29. Rb7 Bf6 30. Be3 Qh5 31. Bd4 Kg8 32. Bxf6 exf6 33. Qe6+ Kh8
34. Qxd6 Rce8 35. Re7 Rd8 36. Qe6 Qg5 37. Rb1 Qg6 38. Rbb7 Rde8 39. Rxh7+ Qxh7
40. Rxh7+ Kxh7 41. Qf5+ Kg7 42. d6 Re5 43. Qg4+ Kf7 44. Qd7+ Kg6 45. Qc7 Rf7 46.
Qc8 f5 47. d7 Re1+ 48. Kg2 1-0

[Event "World Rapid Women 2022"]
[Site "Almaty KAZ"]
[Date "2022.12.26"]
[Round "1.5"]
[White "Schulze, Lara"]
[Black "Dzagnidze, Nana"]
[Result "0-1"]
[WhiteTitle "FM"]
[BlackTitle "GM"]
[WhiteElo "2284"]
[BlackElo "2517"]
[WhiteFideId "12956830"]
[BlackFideId "13601903"]
[EventDate "2022.12.26"]

1. e4 c5 2. Nf3 d6 3. Bb5+ Nd7 4. a4 Nf6 5. Nc3 g6 6. O-O Bg7 7. a5 O-O 8. Re1
a6 9. Bf1 e5 10. d3 h6 11. Nd2 Nb8 12. Nc4 Nc6 13. Bd2 Be6 14. Nb6 Rb8 15. Ncd5
Kh7 16. h3 Ng8 17. g3 f5 18. exf5 Bxf5 19. Bg2 Nge7 20. Ra4 Nxd5 21. Nxd5 Ne7
22. Nxe7 Qxe7 23. Qc1 Rf7 24. Be3 h5 25. Kh2 Bd7 26. Ra3 Bc6 27. Qd2 Rbf8 28.
Bxc6 bxc6 29. Rb3 d5 30. Re2 Rf5 31. d4 cxd4 32. Bxd4 Qd6 33. Bb6 R8f7 34. Kg2
c5 35. Qc3 d4 36. Qxc5 Qf6 37. Qd5 Rxf2+ 38. Rxf2 Qxf2+ 39. Kh1 Qf1+ 40. Kh2
Rf2+ 0-1

[Event "World Rapid Women 2022"]
[Site "Almaty KAZ"]
[Date "2022.12.26"]
[Round "1.6"]
[White "Harika, Dronavalli"]
[Black "Lhotska, Anna"]
[Result "1-0"]
[WhiteTitle "GM"]
[BlackTitle "WFM"]
[WhiteElo "2507"]
[BlackElo "2159"]
[WhiteFideId "5015197"]
[BlackFideId "376183"]
[EventDate "2022.12.26"]

1. Nf3 d5 2. b3 e6 3. Bb2 Nf6 4. c4 Bd6 5. g3 O-O 6. Bg2 Nbd7 7. O-O c6 8. Nc3
b6 9. d3 Bb7 10. e4 Rc8 11. Qe2 Bb8 12. e5 Ng4 13. d4 Re8 14. h3 Nh6 15. Rad1 f6
16. Rfe1 Nf7 17. Nb1 Qe7 18. Nbd2 fxe5 19. Nxe5 Nfxe5 20. dxe5 Rf8 21. f4 Ba6
22. Kh1 Nc5 23. Ba3 Qf7 24. Rf1 Qg6 25. Kh2 Rf7 26. Bxc5 bxc5 27. Nf3 Rff8 28.
h4 Rce8 29. Bh3 h6 30. Ne1 Bc7 31. Bg4 Re7 32. Bh5 Qh7 33. Ng2 Bc8 34. Rc1 Bb6
35. Qg4 Qf5 36. Qxf5 exf5 37. Bf3 Be6 38. Rfd1 Rd8 39. Ne1 Red7 40. cxd5 cxd5
41. Nd3 c4 42. Nb4 Bc5 43. Nc6 Rc8 44. Nd4 Bxd4 45. Rxd4 Rcd8 46. Kg2 Kf7 47.
Kf2 Ke7 48. Ke3 Rb8 49. Rc3 cxb3 50. Rxb3 Rxb3+ 51. axb3 Rb7 52. b4 Rb5 53. Be2
Rb6 54. Kd2 Kd7 55. b5 Kc7 56. Kc3 Rb8 57. Ra4 Kb7 58. Ra6 Rc8+ 59. Kd4 Bf7 60.
Rd6 Rc7 61. Bd3 Be8 62. Rxd5 Rd7 63. Rxd7+ Bxd7 64. Kd5 Kc7 65. e6 Be8 66. Kc5
g6 67. Bc4 h5 68. Bd3 1-0

[Event "World Rapid Women 2022"]
[Site "Almaty KAZ"]
[Date "2022.12.26"]
[Round "1.7"]
[White "Enkhtuul, Altan-Ulzii"]
[Black "Koneru, Humpy"]
[Result "0-1"]
[WhiteTitle "WGM"]
[BlackTitle "GM"]
[WhiteElo "2285"]
[BlackElo "2572"]
[WhiteFideId "4901444"]
[BlackFideId "5008123"]
[EventDate "2022.12.26"]

1. Nf3 Nf6 2. d4 d5 3. g3 c5 4. Bg2 cxd4 5. O-O h6 6. Nxd4 e5 7. Nb3 Nc6 8. N1d2
a5 9. a4 Be7 10. Nb1 O-O 11. Nc3 Be6 12. Nb5 d4 13. Nd2 Rc8 14. Nf3 Qb6 15. b3
Rfd8 16. Bb2 Nb4 17. Na3 Nxc2 18. Nxc2 Bxb3 19. Rc1 Bxa4 20. Ba1 Ba3 21. Rb1 Qc5
22. Nfe1 Bxc2 23. Nxc2 Qxc2 24. Bxb7 Qxd1 25. Rfxd1 Rc2 26. Ba6 Bb4 27. e3 Ng4
28. Rb2 Rxb2 29. Bxb2 Bc5 30. h3 Nf6 31. Bd3 dxe3 32. Bxe5 exf2+ 33. Kg2 Nd5 34.
Bf4 Nxf4+ 35. gxf4 Kf8 36. Kf1 a4 37. Ke2 a3 38. Rc1 Re8+ 39. Kd1 Re1+ 40. Kc2
a2 0-1

[Event "World Rapid Women 2022"]
[Site "Almaty KAZ"]
[Date "2022.12.26"]
[Round "1.8"]
[White "Abdumalik, Zhansaya"]
[Black "Munkhzul, Turmunkh"]
[Result "0-1"]
[WhiteTitle "GM"]
[BlackTitle "WIM"]
[WhiteElo "2496"]
[BlackElo "2318"]
[WhiteFideId "13703544"]
[BlackFideId "4901878"]
[EventDate "2022.12.26"]

1. e4 c5 2. Nc3 Nc6 3. Nge2 Nf6 4. d4 cxd4 5. Nxd4 e6 6. Nxc6 bxc6 7. e5 Nd5 8.
Ne4 Qc7 9. f4 Bb7 10. c4 Bb4+ 11. Kf2 f5 12. cxd5 fxe4 13. dxe6 dxe6 14. Qb3 Qe7
15. Be3 O-O 16. g3 Rab8 17. Qc2 g5 18. Rc1 gxf4 19. Bxf4 Rxf4+ 20. gxf4 Qh4+ 21.
Ke3 Rf8 22. Qg2+ Kh8 23. Qg3 Qd8 24. Rc2 Qb6+ 25. Ke2 Rd8 26. Qe3 Ba6+ 27. Kf2
Be1+ 28. Kxe1 Qxe3+ 29. Be2 Bxe2 30. Rxe2 Qc1+ 0-1

[Event "World Rapid Women 2022"]
[Site "Almaty KAZ"]
[Date "2022.12.26"]
[Round "1.9"]
[White "Ovod, Evgenija"]
[Black "Saduakassova, Dinara"]
[Result "1/2-1/2"]
[WhiteTitle "IM"]
[BlackTitle "IM"]
[WhiteElo "2323"]
[BlackElo "2434"]
[WhiteFideId "4131827"]
[BlackFideId "13700090"]
[EventDate "2022.12.26"]

1. e4 e5 2. Nf3 Nc6 3. Bc4 Bc5 4. O-O Nf6 5. d3 d6 6. c3 a6 7. a4 Ba7 8. Nbd2
O-O 9. h3 h6 10. Re1 Be6 11. Bxe6 fxe6 12. b4 Ne7 13. Nf1 Nh5 14. Be3 Nf4 15.
Kh2 Neg6 16. Bxa7 Rxa7 17. g3 Nh5 18. Ra2 a5 19. b5 c6 20. d4 cxb5 21. dxe5 dxe5
22. Rd2 Qb6 23. axb5 Raa8 24. Ne3 Nf6 25. Rd6 Qxb5 26. Rxe6 Rad8 27. Rd6 Rxd6
28. Qxd6 Kh7 29. Nf5 Nxe4 30. Rxe4 Rxf5 31. Kg2 Qe8 32. h4 b5 33. h5 Rxh5 34. g4
Nh4+ 35. Nxh4 Rxh4 36. Kg3 Rh1 37. Rxe5 Qf7 38. Qd3+ Qg6 39. Qxg6+ Kxg6 40. Rxb5
a4 41. Ra5 Ra1 42. Ra6+ Kf7 43. Kf4 a3 44. f3 a2 45. c4 Rc1 46. Rxa2 Rxc4+ 1/2-1/2

[Event "World Rapid Women 2022"]
[Site "Almaty KAZ"]
[Date "2022.12.26"]
[Round "1.10"]
[White "Khademalsharieh, Sarasadat"]
[Black "Lu, Miaoyi"]
[Result "1-0"]
[WhiteTitle "IM"]
[WhiteElo "2490"]
[BlackElo "2399"]
[WhiteFideId "12512214"]
[BlackFideId "8618020"]
[EventDate "2022.12.26"]

1. d4 d5 2. c4 e6 3. Nc3 c5 4. cxd5 cxd4 5. Qxd4 Nc6 6. Qd1 exd5 7. e3 Nf6 8.
Nf3 Bd6 9. Be2 O-O 10. O-O Bg4 11. h3 Bh5 12. b3 Re8 13. Bb2 a6 14. Nh4 d4 15.
exd4 Rxe2 16. Nxe2 Nd5 17. Nf5 Nf4 18. Nfg3 Nxe2+ 19. Nxe2 Qe7 20. Re1 Re8 21.
g4 Bg6 22. Nf4 Qd7 23. Rxe8+ Qxe8 24. Nxg6 hxg6 25. Qf3 g5 26. Rd1 Ne7 27. Qe3
Bf4 28. Qe4 Qd7 29. d5 Ng6 30. d6 Nh4 31. Bc1 Bxc1 32. Rxc1 Ng6 33. Qd5 Nf4 34.
Rc7 Nxh3+ 35. Kh2 1-0

[Event "World Rapid Women 2022"]
[Site "Almaty KAZ"]
[Date "2022.12.26"]
[Round "1.11"]
[White "Bivol, Alina"]
[Black "Khotenashvili, Bela"]
[Result "1-0"]
[WhiteTitle "IM"]
[BlackTitle "GM"]
[WhiteElo "2364"]
[BlackElo "2485"]
[WhiteFideId "4100123"]
[BlackFideId "13602640"]
[EventDate "2022.12.26"]

1. e4 g6 2. d4 Bg7 3. Nc3 d6 4. g3 Nd7 5. Bg2 Ngf6 6. Be3 O-O 7. h3 Rb8 8. a4 b6
9. Nge2 c5 10. g4 Bb7 11. Ng3 cxd4 12. Bxd4 Nc5 13. g5 Ne8 14. h4 e5 15. Be3 Ne6
16. Nd5 Bxd5 17. exd5 Nf4 18. Bf3 f5 19. Qd2 Rc8 20. c3 Rc4 21. a5 bxa5 22. Bxa7
a4 23. Be3 Nc7 24. Ne2 Re8 25. Kf1 Qb8 26. Bxf4 exf4 27. Nxf4 Be5 28. Nd3 Nb5
29. Kg2 a3 30. Nxe5 Rxe5 31. bxa3 Nxc3 32. h5 Ne4 33. Bxe4 Rcxe4 34. Rab1 Qd8
35. hxg6 hxg6 36. Rh3 Re2 37. Rbh1 Kf7 38. Rh7+ Ke8 39. Rh8+ 1-0

[Event "World Rapid Women 2022"]
[Site "Almaty KAZ"]
[Date "2022.12.26"]
[Round "1.12"]
[White "Stefanova, Antoaneta"]
[Black "Gaboyan, Susanna"]
[Result "1-0"]
[WhiteTitle "GM"]
[BlackTitle "WIM"]
[WhiteElo "2442"]
[BlackElo "2200"]
[WhiteFideId "2902257"]
[BlackFideId "13303627"]
[EventDate "2022.12.26"]

1. d4 Nf6 2. Bf4 g6 3. Nc3 d5 4. e3 Bg7 5. h4 h5 6. Nf3 c5 7. Nb5 Na6 8. c3 O-O
9. Be2 Bd7 10. a4 Qb6 11. Ne5 Be8 12. O-O Ne4 13. f3 Nd6 14. dxc5 Qxc5 15. Nxd6
exd6 16. Nd3 Qb6 17. a5 Qd8 18. Bg3 Qe7 19. Bf2 Nc7 20. Nf4 Bc6 21. Qd2 Rfe8 22.
Bd1 Bf6 23. g3 Kg7 24. Re1 Qd7 25. Kg2 Qf5 26. Bc2 Qe5 27. Bb3 b6 28. Red1 d4
29. cxd4 Qf5 30. Rac1 Qd7 31. Qc3 Bxf3+ 32. Kxf3 Qg4+ 33. Kg2 Rac8 1-0

[Event "World Rapid Women 2022"]
[Site "Almaty KAZ"]
[Date "2022.12.26"]
[Round "1.13"]
[White "Paramzina, Anastasya"]
[Black "Assaubayeva, Bibisara"]
[Result "1/2-1/2"]
[WhiteTitle "WGM"]
[BlackTitle "IM"]
[WhiteElo "2227"]
[BlackElo "2440"]
[WhiteFideId "4165012"]
[BlackFideId "13708694"]
[EventDate "2022.12.26"]

1. e4 c5 2. Nf3 d6 3. d4 cxd4 4. Nxd4 Nf6 5. Nc3 a6 6. Be3 e5 7. Nb3 Be6 8. f3
Be7 9. Qd2 h5 10. O-O-O Nbd7 11. Nd5 Nxd5 12. exd5 Bf5 13. Kb1 Rc8 14. Bd3 Bxd3
15. Qxd3 Bg5 16. Bf2 Qc7 17. c3 g6 18. Rhe1 Kf8 19. Nd2 Bxd2 20. Qxd2 h4 21. f4
Rh5 22. fxe5 dxe5 23. Re4 h3 24. g4 Rh8 25. Bg3 Kg7 26. Rf1 Qd6 27. g5 Rc5 28.
c4 b5 29. Rfe1 Re8 30. Qe2 Rxc4 31. Rxc4 bxc4 32. Qxc4 Nb6 33. Qc6 Qxc6 34. dxc6
f6 35. Rd1 Re6 36. c7 Rc6 37. Bf2 Rxc7 38. Bxb6 Rc6 39. Rd7+ Kf8 40. Be3 f5 41.
b4 Rc4 42. Bc5+ Kg8 43. Re7 Re4 44. Bd6 Re1+ 45. Kb2 Re2+ 46. Kb3 Rxh2 47. Rxe5
Rd2 48. Bc7 Rd7 49. Rc5 Rd3+ 50. Ka4 Rd2 51. a3 h2 52. Rc1 Rc2 53. Rh1 Rxc7 54.
Rxh2 Rc3 55. Rd2 Rg3 56. Rd6 Rxg5 57. Rxa6 Kf7 58. b5 Rg1 59. Rc6 f4 60. b6 Rb1
61. Ka5 g5 62. Rc5 Kg6 63. Rb5 Rxb5+ 64. Kxb5 f3 65. b7 f2 66. b8=Q f1=Q+ 67.
Kc6 Qf3+ 68. Kd7 Qh3+ 69. Kc6 Qc3+ 70. Kd5 Qd3+ 71. Kc6 Qc4+ 72. Kd7 Qa4+ 73.
Ke6 Qa6+ 74. Ke5 Qa5+ 75. Ke4 Qe1+ 76. Kd3 Qd1+ 77. Ke3 Qc1+ 78. Ke4 Qxa3 79.
Qg8+ Kh5 80. Qh7+ Kg4 81. Qd7+ Kg3 82. Qc7+ Kg2 83. Kf5 Qe3 84. Kg4 Qf3+ 85.
Kxg5 Qg3+ 86. Qxg3+ Kxg3 1/2-1/2

[Event "World Rapid Women 2022"]
[Site "Almaty KAZ"]
[Date "2022.12.26"]
[Round "1.14"]
[White "Gunina, Valentina"]
[Black "Frayna, Janelle Mae"]
[Result "1-0"]
[WhiteTitle "GM"]
[BlackTitle "WGM"]
[WhiteElo "2476"]
[BlackElo "2265"]
[WhiteFideId "4167570"]
[BlackFideId "5212499"]
[EventDate "2022.12.26"]

1. d4 Nf6 2. c4 e6 3. Nf3 d5 4. Nc3 a6 5. c5 b6 6. cxb6 cxb6 7. Bf4 Bd6 8. Bxd6
Qxd6 9. e3 O-O 10. Be2 Nbd7 11. O-O Bb7 12. Qb3 b5 13. a4 b4 14. Na2 a5 15. Nc1
Rfc8 16. Qd1 Ne4 17. Nb3 Ba6 18. Nfd2 Bxe2 19. Qxe2 Nxd2 20. Qxd2 Qb6 21. Qd3
Rc4 22. e4 Rac8 23. exd5 exd5 24. Rfe1 Nf6 25. Re2 g6 26. Rae1 Ne4 27. f3 Nd6
28. g4 R4c7 29. Qe3 Re8 30. Qg5 Rxe2 31. Rxe2 Qb8 32. Qxd5 Nc4 33. Nc5 Nb6 34.
Qd6 Nxa4 35. Re7 Nxc5 36. Qxc7 Qxc7 37. Rxc7 Ne6 38. Rc8+ Kg7 39. d5 Nd4 40. Kf2
Kf6 41. Ke3 Nb5 42. Ra8 Nd6 43. Kd4 1-0

[Event "World Rapid Women 2022"]
[Site "Almaty KAZ"]
[Date "2022.12.26"]
[Round "1.15"]
[White "Foudzi, Siti Zulaikha"]
[Black "Atalik, Ekaterina"]
[Result "1/2-1/2"]
[WhiteTitle "WIM"]
[BlackTitle "IM"]
[WhiteElo "2136"]
[BlackElo "2403"]
[WhiteFideId "5700965"]
[BlackFideId "4130189"]
[EventDate "2022.12.26"]

1. e4 c6 2. Nc3 d5 3. Nf3 Bg4 4. h3 Bxf3 5. Qxf3 e6 6. Be2 Nd7 7. exd5 cxd5 8.
O-O Ngf6 9. d4 Bd6 10. Rd1 O-O 11. Bg5 a6 12. a3 Rc8 13. Bd3 Re8 14. Ne2 Qc7 15.
Bxf6 Nxf6 16. g4 e5 17. dxe5 Bxe5 18. c3 Rcd8 19. Kg2 g6 20. Rac1 Kg7 21. Ng3
Bxg3 22. Qxg3 Qxg3+ 23. Kxg3 Nd7 24. Bf1 Nc5 25. Bg2 Ne4+ 26. Bxe4 Rxe4 27. Rd2
Kf6 28. Rcd1 Ke6 29. Kf3 g5 30. Rd4 Rxd4 31. Rxd4 Rc8 32. Ke3 Rc6 33. Rb4 b6 34.
f4 a5 35. Rd4 gxf4+ 36. Kxf4 h6 37. h4 f6 38. Ke3 Ke5 39. Rf4 Ke6 40. Kd3 Rc8
41. b3 Rg8 42. Kd4 Rg7 43. b4 axb4 44. axb4 Rc7 45. Kd3 b5 46. Rf5 Rc4 47. Rh5
Rxg4 48. Rxh6 Ke5 49. Rh8 Rg3+ 50. Kc2 Rh3 51. h5 f5 52. h6 Kf4 53. h7 Kf3 54.
Rf8 Rxh7 55. Rxf5+ Ke4 56. Rf8 Rh2+ 57. Kb3 Rh3 58. Re8+ Kf5 59. Rd8 Ke5 60. Rb8
d4 61. Rxb5+ Kd6 62. Rc5 dxc3 63. Rxc3 Rxc3+ 64. Kxc3 Kc6 65. Kc4 Kb6 1/2-1/2

[Event "World Rapid Women 2022"]
[Site "Almaty KAZ"]
[Date "2022.12.26"]
[Round "1.16"]
[White "Shuvalova, Polina"]
[Black "Petrova, Irina"]
[Result "1/2-1/2"]
[WhiteTitle "IM"]
[BlackTitle "WIM"]
[WhiteElo "2502"]
[BlackElo "2123"]
[WhiteFideId "24171760"]
[BlackFideId "14124122"]
[EventDate "2022.12.26"]

1. d4 d6 2. e4 g6 3. Nc3 Bg7 4. Nf3 Nf6 5. Be3 O-O 6. Qd2 a6 7. h3 b5 8. Bd3 Bb7
9. a3 Nbd7 10. O-O c5 11. d5 e6 12. dxe6 fxe6 13. Rfe1 d5 14. Bh6 b4 15. axb4
cxb4 16. Bxg7 Kxg7 17. e5 bxc3 18. exf6+ Qxf6 19. Qxc3 Qxc3 20. bxc3 Rf6 21.
Reb1 Ra7 22. Nd4 Nc5 23. Ra5 Nxd3 24. cxd3 Bc8 25. Rc5 Bd7 26. Ra5 e5 27. Nf3 e4
28. Ne5 exd3 29. Rxd5 Be6 30. Rd4 Bf5 31. g4 Re7 32. f4 Bc8 33. Rb8 Rc7 34. Nxd3
Rxc3 35. Rd8 Rf8 36. Rd4 a5 37. Ra8 Ra3 38. Ne5 Rxh3 39. Ra7+ Kg8 40. Rxa5 Bxg4
41. Kg2 Bc8 42. Ra7 Rc3 43. Nf3 Rc2+ 44. Kg3 Rc3 45. Kg2 Rc2+ 46. Kg3 Rc3 47.
Kg2 Rc2+ 1/2-1/2

[Event "World Rapid Women 2022"]
[Site "Almaty KAZ"]
[Date "2022.12.26"]
[Round "1.17"]
[White "Nurmanova, Alua"]
[Black "Mammadzada, Gunay"]
[Result "1/2-1/2"]
[WhiteTitle "WIM"]
[BlackTitle "IM"]
[WhiteElo "2191"]
[BlackElo "2472"]
[WhiteFideId "13729390"]
[BlackFideId "13403729"]
[EventDate "2022.12.26"]

1. e4 c5 2. Nf3 e6 3. d4 cxd4 4. Nxd4 a6 5. Bd3 d6 6. c4 Nf6 7. Nc3 b6 8. O-O
Bb7 9. Be3 Be7 10. Rc1 Nbd7 11. f3 O-O 12. Qe2 Rc8 13. b3 Re8 14. Qf2 Qc7 15.
Rfd1 Qb8 16. g4 Ne5 17. Be2 Nfd7 18. f4 Nc6 19. Nc2 Ba8 20. g5 Bf8 21. h4 Ne7
22. Nb4 a5 23. Nd3 d5 24. cxd5 exd5 25. Bg4 Rcd8 26. e5 Nc6 27. Nb5 Nc5 28. Nd4
Ne4 29. Qg2 Nb4 30. h5 Nxd3 31. Rxd3 Bc5 32. h6 g6 33. Qf3 Bb7 34. Rdd1 Bc8 35.
Rf1 Bxd4 36. Bxd4 Nd2 37. Qg2 Nxf1 38. Rxf1 Bf5 39. Bxf5 gxf5 40. Qh3 Qc8 41.
Bxb6 Rd7 42. Qxf5 Re6 43. Bd4 Rc6 44. Rf2 Rdc7 45. Qxc8+ Rxc8 46. f5 Rc2 47. a4
Rxf2 48. Kxf2 Rb8 49. e6 fxe6 50. fxe6 Rxb3 51. e7 Rb8 52. Bf6 Kf7 53. Ke3 Rc8
54. Kd4 Rc4+ 55. Kxd5 Rc8 56. Ke5 Rb8 57. Kd6 Rc8 58. Kd7 Rb8 59. Kc7 Re8 60.
Kb6 Ra8 61. Kb7 Re8 62. Kb6 Ra8 63. Bc3 Rg8 64. Bf6 Ra8 1/2-1/2

[Event "World Rapid Women 2022"]
[Site "Almaty KAZ"]
[Date "2022.12.26"]
[Round "1.18"]
[White "Ushenina, Anna"]
[Black "Kurmangaliyeva, Liya"]
[Result "1/2-1/2"]
[WhiteTitle "GM"]
[BlackTitle "FM"]
[WhiteElo "2454"]
[BlackElo "2287"]
[WhiteFideId "14110911"]
[BlackFideId "13725831"]
[EventDate "2022.12.26"]

1. d4 d5 2. Nf3 Nf6 3. Bf4 e6 4. e3 Bd6 5. Bxd6 Qxd6 6. c4 b6 7. Nc3 O-O 8. Rc1
a6 9. cxd5 exd5 10. Be2 Bb7 11. O-O Nbd7 12. Qb3 Rfe8 13. Rfd1 g6 14. Ne1 Kg7
15. Nd3 Ne4 16. Nf4 Ndf6 17. Rc2 Rab8 18. Nxe4 Nxe4 19. Bf3 Re7 20. g3 h5 21.
Rdc1 h4 22. gxh4 Rh8 23. h5 g5 24. Ne2 f5 25. Ng3 Nxg3 26. hxg3 g4 27. Bg2 Rxh5
28. Rc3 Kf6 29. Qd1 Rhh7 30. R1c2 Kg7 31. Qc1 Kg8 32. a3 Rhf7 33. b4 Kg7 34. Qd2
Rd7 35. Rc1 Kf8 36. Qc2 Kg8 37. Bf1 Qh6 38. Bg2 Qd6 39. Kf1 Rde7 40. Qb3 Kh8 41.
Qd1 Kg8 42. Kg1 Rh7 43. Qd3 Rhf7 44. R3c2 Kf8 45. Qb3 Kg8 46. a4 Kg7 47. b5 a5
48. Rc3 Qd8 49. Qc2 Qd6 50. Qb3 Qd8 1/2-1/2

[Event "World Rapid Women 2022"]
[Site "Almaty KAZ"]
[Date "2022.12.26"]
[Round "1.19"]
[White "Borisova, Ekaterina"]
[Black "Batsiashvili, Nino"]
[Result "0-1"]
[WhiteTitle "FM"]
[BlackTitle "GM"]
[WhiteElo "2223"]
[BlackElo "2493"]
[WhiteFideId "34124184"]
[BlackFideId "13602993"]
[EventDate "2022.12.26"]

1. d4 d5 2. c4 e6 3. Nf3 Nf6 4. g3 Be7 5. Bg2 O-O 6. O-O c6 7. Nbd2 b6 8. Qc2 c5
9. e4 Nc6 10. cxd5 exd5 11. e5 Ne8 12. dxc5 bxc5 13. Nb3 Nb4 14. Qc3 d4 15. Qd2
Ba6 16. Rd1 Nc7 17. a3 Nd3 18. Na5 Qd7 19. Bf1 Nxc1 20. Bxa6 Nxa6 21. Raxc1 Nc7
22. b4 Ne6 23. Nb3 Qd5 24. Qd3 f6 25. Qc4 Qxc4 26. Rxc4 cxb4 27. axb4 Rac8 28.
Rdc1 Rxc4 29. Rxc4 d3 30. exf6 Bxf6 31. Nfd2 Rd8 32. Kf1 Kf7 33. Ke1 h5 34. h4
Be7 35. Nf3 Rd5 36. Re4 Kf6 37. Kd2 Rb5 38. Rxe6+ Kxe6 39. Nfd4+ Kd5 40. Nxb5
Kc4 41. N5d4 Bxb4+ 42. Ke3 a5 43. Nxa5+ Bxa5 44. Nf3 Kc3 45. Kf4 Bb6 46. g4 Bxf2
47. gxh5 d2 48. Nxd2 Kxd2 49. Kf5 Be3 50. Kg6 Bh6 51. Kf5 Ke3 52. Kg4 Ke4 53.
Kg3 Kf5 54. Kf3 Bf4 55. Kf2 Kg4 0-1

[Event "World Rapid Women 2022"]
[Site "Almaty KAZ"]
[Date "2022.12.26"]
[Round "1.20"]
[White "Paehtz, Elisabeth"]
[Black "Kairbekova, Amina"]
[Result "1-0"]
[WhiteTitle "GM"]
[BlackTitle "WIM"]
[WhiteElo "2464"]
[BlackElo "2209"]
[WhiteFideId "4641833"]
[BlackFideId "13712799"]
[EventDate "2022.12.26"]

1. d4 Nf6 2. Nf3 g6 3. g3 Bg7 4. Bg2 O-O 5. O-O d6 6. c4 c5 7. dxc5 dxc5 8. Ne5
Nc6 9. Nxc6 bxc6 10. Nc3 Qc7 11. Qa4 Rb8 12. Bf4 e5 13. Be3 Nd7 14. b3 Rb6 15.
Qa3 Ra6 16. Qc1 f5 17. Na4 e4 18. Bf4 Qa5 19. Rb1 Ne5 20. Be3 Qc7 21. Bxc5 Rd8
22. Qc2 Be6 23. Rfd1 Rxd1+ 24. Rxd1 Rxa4 25. bxa4 Nxc4 26. Bd4 Bf8 27. f3 c5 28.
Ba1 Bd6 29. fxe4 Ne3 30. Qc3 Nxd1 31. Qh8+ Kf7 32. Qf6+ Ke8 33. Qxe6+ Qe7 34.
Qg8+ Kd7 35. e5 Ne3 36. exd6 Qxd6 37. Qg7+ Kc8 38. Bb7+ Kd8 39. Bf6+ 1-0

[Event "World Rapid Women 2022"]
[Site "Almaty KAZ"]
[Date "2022.12.26"]
[Round "1.21"]
[White "Mikheeva, Galina"]
[Black "Javakhishvili, Lela"]
[Result "0-1"]
[WhiteTitle "WFM"]
[BlackTitle "IM"]
[WhiteElo "1969"]
[BlackElo "2440"]
[WhiteFideId "44108320"]
[BlackFideId "13601458"]
[EventDate "2022.12.26"]

1. e4 c5 2. Nf3 e6 3. g3 Nc6 4. Bg2 Nf6 5. Qe2 e5 6. O-O Be7 7. c3 O-O 8. Na3
Re8 9. d3 h6 10. Nc4 Bf8 11. a4 d6 12. Nfd2 d5 13. exd5 Nxd5 14. Ne3 Nf4 15.
gxf4 exf4 16. Ne4 fxe3 17. fxe3 Be6 18. Ng3 Qd7 19. d4 Rad8 20. Qf2 Bc4 21. Rd1
Ne5 22. Bf1 Ng4 23. Qf3 Bb3 24. Re1 a6 25. Bd2 Nf6 26. Bg2 cxd4 27. exd4 Bd5 28.
Qf1 Rxe1 29. Rxe1 Qxa4 30. Bxd5 Nxd5 31. Re5 Nf6 32. d5 Nxd5 33. Bc1 Qc2 34. Re2
b5 35. Qf5 Qxf5 36. Nxf5 h5 37. Ne3 Nxe3 38. Bxe3 f6 39. Bf4 Kf7 40. Kf2 g5 41.
Bd2 Bd6 42. Kf3 g4+ 43. Kg2 h4 44. h3 f5 45. Bg5 Rh8 46. Re1 a5 47. b3 Rc8 48.
Rc1 Be7 49. Bf4 Bf6 50. Bd2 Re8 51. Re1 Rxe1 52. Bxe1 a4 53. bxa4 bxa4 54. Bd2
Ke6 55. Bc1 Kd5 56. Ba3 Kc4 57. Bb4 Bd4 0-1